00362nam a2200157Ia 4500003000400000005001700004008004100021040000700062041000800069082001500077100001400092245005700106260002000163300000900183650001200192OSt20251113091950.0250729s2003 xx 000 0 und d cAL aeng a420.7 KOHT aKohli A L aTechniques of teaching english in the new millennium aNew Delhic2003 a378p aEnglish